UBT Library

Creative teaching on a budget / (Record no. 41450)

000 -LEADER
fixed length control field 00758cam a22002657a 4500
001 - CONTROL NUMBER
control field 12419800
005 - DATE AND TIME OF LATEST TRANSACTION
control field 20180201033122.0
008 - FIXED-LENGTH DATA ELEMENTS--GENERAL INFORMATION
fixed length control field 010524s2000 nju bf 000 0 eng d
010 ## - LIBRARY OF CONGRESS CONTROL NUMBER
LC control number 2001271001
020 ## - INTERNATIONAL STANDARD BOOK NUMBER
International Standard Book Number 0130847151
035 ## - SYSTEM CONTROL NUMBER
System control number (OCoLC)ocm46418571
040 ## - CATALOGING SOURCE
Original cataloging agency OIP
Transcribing agency OIP
Modifying agency DLC
041 ## - LANGUAGE CODE
Language code of text/sound track or separate title eng
042 ## - AUTHENTICATION CODE
Authentication code lccopycat
043 ## - GEOGRAPHIC AREA CODE
Geographic area code n-us---
080 ## - UNIVERSAL DECIMAL CLASSIFICATION NUMBER
Universal Decimal Classification number 371.3
082 00 - DEWEY DECIMAL CLASSIFICATION NUMBER
Classification number 371.3 TIP
Edition number 21
100 1# - Rafti
Rafti 46
101 ## - Shkurtesa
Shkurtesa EDU
245 10 - TITLE STATEMENT
Title Creative teaching on a budget /
Statement of responsibility, etc Janet K. Tipton.
504 ## - BIBLIOGRAPHY, ETC. NOTE
Bibliography, etc Includes bibliographical references (p. 96).
906 ## - LOCAL DATA ELEMENT F, LDF (RLIN)
a 7
b cbc
c copycat
d 3
e ncip
f 20
g y-gencatlg
942 ## - ADDED ENTRY ELEMENTS (KOHA)
Source of classification or shelving scheme
Item type Books
Holdings
Withdrawn status Lost status Source of classification or shelving scheme Damaged status Not for loan Collection code Permanent location Current location Shelving location Date acquired Total Checkouts Full call number Barcode Date last seen Price effective from Koha item type
          Koleksioni i përgjithshem UBT - Lipjan UBT - Lipjan Koleksioni i lëndeve mesimore 02/01/2018   371.3 TIP 002-2997667 02/01/2018 02/01/2018 Books
UBT Library © 2015-2024. All rights reserved University Education for Business and Technology